000
00281nam a22001217a 4500
008
180111b xxu||||| |||| 00| 0 eng d
041
_a
eng
080
_a
574
100
_a
9
101
_a
MJE
245
_a
A COURSE MANUAL IN TROPICAL PASTURE SCIENCE
_c
A.A.U.C.S
942
_2
udc
_c
BK
999
_c
40143
_d
40143